| 000 | 00949nam0a22002411i 4500 | ||
|---|---|---|---|
| 001 | rc\4714905 | ||
| 005 | 20240726051902.0 | ||
| 021 |
_aRU _b[65-33258] |
||
| 035 | _a(NLR Aleph) 008726481 | ||
| 090 |
_a9450372 _c9450372 |
||
| 100 | _a20130416d1965 |||y0rusy50 ca | ||
| 101 | 0 | _arus | |
| 102 | _aRU | ||
| 105 | _ay d ||||| | ||
| 200 | 1 |
_aФизическое развитие студентов Минского мединститута за 1948-1961 годы _e(По данным врачебного контроля) _eАвтореферат дис. на соискание учен. степени кандидата мед. наук _fМинский гос. мед. ин-т |
|
| 210 |
_aМинск _d1965 |
||
| 215 | _a28 с. | ||
| 606 |
_aСтуденты _xФизическое развитие _2psbo |
||
| 700 | 1 |
_aПряткин _bП.В. |
|
| 801 | 0 |
_aRU _bNLR _gpsbo |
|
| 801 | 1 |
_aRU _bELAR _2rusmarc |
|
| 852 |
_aNLR _j65-6/6380 |
||
| 942 | _cBOOK | ||